Obálka Náhled e-knihy:
PDF Epub
Pro půjčování e-knih musíte být přihlášeni.
Jak si půjčit online?

Dotek temnoty /

Býval jsem obětí brutální šikany. A pak přišla ta noc, která všechno změnila. Roky ve vězení ze mě udělaly jiného člověka. Teď jsem lovec. Mám svůj plán a seznam smrti, na kterém je i ONA. Jakmile se naše cesty střetnou, už nebude úniku. Budu její zkázou. A ona tou mojí....

Celý popis

Uloženo v:
Hlavní autor: Chaloupková, Kateřina (Autor)
Médium: E-kniha
Jazyk:Czech
Vydáno: Praha : Nakladatelství Solis s.r.o., 2025
Tagy:
Žádné tagy
LEADER 01285nam a22002297i 4500
001 312703
007 ta
008 260601s2025 xr ||||| |||| 00| 0 cze d
020 |a 9990004200067 
044 |a xr 
100 1 |a  Chaloupková, Kateřina  |4 aut 
245 1 0 |a Dotek temnoty /  |c  Chaloupková, Kateřina 
264 1 |a Praha :  |b Nakladatelství Solis s.r.o.,  |c 2025 
300 |a 1 online zdroj (259 stran) 
336 |a text  |b txt  |2 rdacontent 
337 |a bez média  |b n  |2 rdamedia 
338 |a online zdroj  |b cr  |2 rdacarrier 
520 2 |a Býval jsem obětí brutální šikany. A pak přišla ta noc, která všechno změnila. Roky ve vězení ze mě udělaly jiného člověka. Teď jsem lovec. Mám svůj plán a seznam smrti, na kterém je i ONA. Jakmile se naše cesty střetnou, už nebude úniku. Budu její zkázou. A ona tou mojí. 
910 |a RBIT002 
998 |d 420006  |a https://core.palmknihy.cz/api/books/420006/cover?sv49i2  |b https://core.palmknihy.cz/api/books/420006/cover/400?sv49i2  |c https://core.palmknihy.cz/api/books/420006/cover/50?sv49i2  |e 2031-12-31  |g 259  |i 9990004200067  |j https://core.palmknihy.cz/api/books/420006/preview.epub  |k https://core.palmknihy.cz/api/books/420006/preview.pdf  |l   |q 49  |r 1  |s https://www.palmknihy.cz/kniha/420006  |t ebook  |y 2025  |z 1 
999 |d 312701